Spill response compliance manual.

Bibliographic Details
Corporate Author: J.J. Keller & Associates
Format: Book
Language:English
Published: Neenah, Wis. : J.J. Keller & Associates, [1993-]
Subjects:

MARC

Tag First Indicator Second Indicator Subfields
LEADER 00000cam a2200000 a 4500
001 in00001753413
005 20151025052126.0
008 920909m19939999wiu 000 0 eng
010 |a  92072546  
020 |a 1877798150 
035 |a (OCoLC)ocm30812391 
040 |a DLC  |c DLC  |d UtOrBLW 
043 |a n-us--- 
049 |a TXAM 
050 0 0 |a KF3958  |b .S68 
245 0 0 |a Spill response compliance manual. 
264 1 |a Neenah, Wis. :  |b J.J. Keller & Associates,  |c [1993-] 
264 4 |c ©1993- 
300 |a 1 volume (loose-leaf) ;  |c 30 cm. 
336 |a text  |b txt  |2 rdacontent 
337 |a unmediated  |b n  |2 rdamedia 
338 |a volume  |b nc  |2 rdacarrier 
500 |a Loose leaf for updating. 
650 0 |a Chemical spills  |x Reporting  |x Law and legislation  |z United States. 
650 0 |a Hazardous substances  |x Law and legislation  |z United States. 
710 2 |a J.J. Keller & Associates. 
994 |a E0  |b TXA 
948 |a cataloged  |b h  |c 2003/7/10  |d c  |e bhartsfi  |f 2:36:47 pm 
999 |a MARS 
999 f f |s 1326b191-d696-32bd-8a34-b17d9eb39066  |i 62f30553-a539-364c-9137-e4543ac35bb2  |t 0 
952 f f |p ric  |a Texas A&M University  |b Rellis Campus  |c Joint Library Facility  |d Remote Storage  |t 0  |e KF3958 .S68  |h Library of Congress classification  |i unmediated -- volume  |m A14830100065 
998 f f |a KF3958 .S68  |t 0  |l Remote Storage